Movies Quiz

Random Movies or Director Quiz

Director's Sophomore Movies Quiz Stats

 Plays Quiz not verified by Sporcle

Challenge
Share
Tweet
Embed
Score 0/35 Timer 05:00
0 Plays Today
Director Title % Correct
Ridley ScottAlien
90.9%
George LucasAmerican Graffiti
86.4%
David FincherSeven
84.8%
Joel Coen/Coen BrothersRaising Arizona
83.3%
Danny BoyleTrainspotting
81.8%
Mike NicholsThe Graduate
77.3%
Warren BeattyReds
77.3%
Brad BirdThe Incredibles
74.2%
David LynchThe Elephant Man
72.7%
Peter BogdanovichThe Last Picture Show
66.7%
James L. BrooksBroadcast News
63.6%
Penny MarshallBig
63.6%
Orson WellesThe Magnificent Ambersons
57.6%
Gus Van SantDrugstore Cowboy
54.5%
Woody AllenTake The Money And Run
48.5%
Martin ScorseseBoxcar Bertha
47%
Kathryn BigelowNear Dark
34.8%
The Hughes BrothersDead Presidents
30.3%
Director Title % Correct
Mel BrooksThe Twelve Chairs
27.3%
John SingletonPoetic Justice
25.8%
Alan J. PakulaKlute
25.8%
Steven SoderberghKafka
22.7%
Ron HowardNight Shift
21.2%
Sam RaimiCrimewave
21.2%
Jerry ZuckerTop Secret!
19.7%
Ang LeeThe Wedding Banquet
19.7%
John LandisKentucky Fried Movie
19.7%
Sam PeckinpahRide the High Country
18.2%
Jane CampionAn Angel At My Table
16.7%
Billy WilderFive Graves To Cairo
12.1%
Rob ReinerThe Sure Thing
12.1%
Harold RamisVacation
10.6%
Jean-Luc GodardA Woman Is A Woman
7.6%
Sidney LumetStage Struck
4.5%
Elia KazanThe Sea of Grass
1.5%

You're not logged in!

Compare scores with friends on all Sporcle quizzes.
OR
Log In

You Might Also Like...

Show Comments

Extras

Created Apr 20, 2011ReportNominate
Tags:Director Quiz, sophomore

Top Quizzes Today


Score Distribution

Your Account Isn't Verified!

In order to create a playlist on Sporcle, you need to verify the email address you used during registration. Go to your Sporcle Settings to finish the process.

Report this User

Report this user for behavior that violates our Community Guidelines.

Details: